000 02212cam a2200481 i 4500
001 0008096679
003 OSt
005 20260331195305.0
008 260105s2026 quc 00 f fre
020 _a9782764629253
040 _aQMBN
_bfre
_erda
_cQMBN
050 4 _aPS9629*
082 0 4 _aC848.9
_bO66c
_223/fre/202603
_mb
082 0 4 _a843/.92
_bO66c
_223/fre/202603
082 0 4 _aC843/.92
_bO66c
_223/fre/202603
_mb
084 _aC848/.92
_bO66c
_2z
100 1 _aOrélien, Thélyson,
_d1988-
_eauteur
245 1 0 _aC'était ça ou mourir :
_broman /
_cThélyson Orélien
264 1 _aMontrǎl (Qub̌ec) :
_bBorǎl,
_c[2026]
300 _a262 pages ;
_c22 cm
336 _atexte
_btxt
_2rdacontent
337 _asans mďiation
_bn
_2rdamedia
338 _avolume
_bnc
_2rdacarrier
490 0 _aRoman
650 6 _aEnseignants
_vRomans, nouvelles, etc.
650 6 _aHat̐iens
_vRomans, nouvelles, etc.
650 6 _aImmigrants clandestins
_vRomans, nouvelles, etc.
650 6 _aExil
_vRomans, nouvelles, etc.
650 6 _aViolence
_vRomans, nouvelles, etc.
650 6 _aImmigrants
_xIntǧration
_vRomans, nouvelles, etc.
651 6 _aAmřique
_vRomans, nouvelles, etc.
655 7 _aRomans qub̌čois
_y21e sic̈le
_2local
655 7 _aRomans sociaux
_2rvmgf
942 _2ddc
_cROM ADULTE
999 _c18815
_d18815